000
00291nam a22001337a 4500
008
170605b xxu||||| |||| 00| 0 eng d
020
_a
0500277532
041
_a
eng
080
_a
93
100
_a
18
101
_a
SHH
245
_a
NINETEENTH CENTURY ART
_c
EISENMAN, S.F
942
_2
udc
_c
BK
999
_c
15961
_d
15961